000 01137nam a2200229 i 4500
001 170486
003 ES-MaACL
005 20260303063014.0
008 090310s1923 ag |||| | spa d
080 _a821.131.1-2"17"
100 1 _aAlfieri, Vittorio,
_d1749-1803
_919840
245 1 0 _aFelipe segundo, rey de España
_b: tragedia en cinco actos /
_cpor el conde Alfieri ; traducida por C., en 1820 ; [breve noticia por Alfonso Corti].
260 _aBuenos Aires :
_b[s. n.],
_c1923 (
_fImp. y Casa Editora "Coni")
300 _a3 h., p. 76-162 ;
_c23 cm.
490 1 _aSección de documentos. Primera serie. T. I: textos dramáticos en verso / Facultad de Filosofía y Letras de la Universidad de Buenos Aires, Instituto de Literatura Argentina ;
_v4
700 1 _aCorti, Alfonso.
_9139629
710 2 _aUniversidad de Buenos Aires.
_bInstituto de Literatura Argentina.
_9139614
830 0 0 _aSección de documentos.
_pPrimera serie.
_pTextos dramáticos en verso (Instituto de Literatura Argentina)
_v4
_9188932
852 _aES-MaACL
_jC-6627(4)
_zEnc. en un vol. facticio
942 _2udc
999 _c170486
_d170486